| 000 | 00739nam a2200241 a 4500 | ||
|---|---|---|---|
| 005 | 20210219152942.0 | ||
| 008 | 991125n 000 0 u | ||
| 035 | _aUPN01000068458 | ||
| 100 | _aBaird, William E. | ||
| 222 | 0 | _aJOURNAL OF RESEARCH ON COMPUTING IN EDUCATION | |
| 245 | 0 | _aComputer learning and appropriate testing : a first step in validity assessment | |
| 300 | _a18-27 | ||
| 362 | _a25, No. 1, 1992 | ||
| 505 | _aAbril 1993 | ||
| 653 | 0 | _aCOMPARACION ASISTIDA POR ORDENADOR | |
| 653 | 0 | _aDIFERENCIAS INTERMADIAS | |
| 653 | 0 | _aDISEÑO ASISTIDO POR ORDENADOR | |
| 653 | 0 | _aFORMATO DE PRUEBAS | |
| 653 | 0 | _aPRUEBAS DE VALIDACION | |
| 700 | _aSilvern, Steven B. | ||
| 904 |
_aAC _b006269 |
||
| 905 | _aArticulo | ||
| 999 |
_c64580 _d64580 |
||